Turkana conversations. notes on a Turkana marriage / 2, A wife among wives :

This, the third and final film in renowned ethnographic filmmakers David and Judith MacDougall's classic Turkana Conversations Trilogy, investigates the views of the Turkana, and especially Turkana women, on marriage and polygyny. As the plans for a marriage in a nearby homestead unfold, the fi...

Full description

Bibliographic Details
Format: Video
Language:English
Language Notes:In Turkana and English.
Published: Berkeley, CA : Berkeley Media, 1982.
Series:Academic Video Online
Subjects:
Online Access:Connect to this streaming video (Alexander Street Press)

MARC

Tag First Indicator Second Indicator Subfields
LEADER 00000cgm a2200000Mi 4500
001 in00005584021
006 m o c
007 cr |n||||||||a
007 vz |za|z|
008 160707s1982 cau070 e o vueng d
005 20241201232856.8
035 |a (OCoLC)ocn954042143 
040 |a ALSTP  |b eng  |e rda  |e pn  |c ALSTP  |d OCLCO  |d OCLCQ  |d CAUOI  |d OCLCF  |d WYU  |d UPM  |d OCLCO  |d OCLCQ  |d OCLCL  |d DXU  |d OCLCO 
019 |a 1443965525 
035 |a (OCoLC)954042143  |z (OCoLC)1443965525 
043 |a f-ke--- 
082 0 4 |a 305.8965  |q OCoLC  |2 22/eng/20230216 
049 |a TXAM 
245 0 0 |a Turkana conversations.  |n 2,  |p A wife among wives :  |b notes on a Turkana marriage /  |c by David MacDougall and Judith MacDougall. 
246 3 |a Turkana conversations 3 
264 1 |a Berkeley, CA :  |b Berkeley Media,  |c 1982. 
300 |a 1 online resource (70 min.) 
306 |a 010929 
336 |a two-dimensional moving image  |b tdi  |2 rdacontent 
337 |a video  |b v  |2 rdamedia 
337 |a computer  |b c  |2 rdamedia 
338 |a other  |b vz  |2 rdacarrier 
338 |a online resource  |b cr  |2 rdacarrier 
347 |a data file  |2 rda 
490 0 |a Academic Video Online 
500 |a Title from resource description page (viewed July 07, 2016). 
520 |a This, the third and final film in renowned ethnographic filmmakers David and Judith MacDougall's classic Turkana Conversations Trilogy, investigates the views of the Turkana, and especially Turkana women, on marriage and polygyny. As the plans for a marriage in a nearby homestead unfold, the film explores why a Turkana woman would want her husband to take a second (or third) wife, and how the system of polygyny can be a source of solidarity among women while at the same time it may brutally disregard individual feelings. The Turkana women are well aware of the contradictory problems associated with individual liberty and communal survival. The film admirably demonstrates how Turkana culture -- and, by extension, human culture -- is a living thing, shaped by the people who carry it. In Turkana, with English subtitles. 
546 |a In Turkana and English. 
650 0 |a Ethnology  |z Kenya. 
650 0 |a Turkana (African people)  |x Social life and customs. 
650 0 |a Turkana (African people)  |x Marriage customs and rites. 
650 6 |a Ethnologie  |z Kenya. 
650 6 |a Turkana (Peuple d'Afrique)  |x Mœurs et coutumes. 
650 6 |a Turkana (Peuple d'Afrique)  |x Rites et cérémonies du mariage. 
650 7 |a Ethnology  |2 fast 
650 7 |a Turkana (African people)  |x Social life and customs  |2 fast 
651 7 |a Kenya  |2 fast  |1 https://id.oclc.org/worldcat/entity/E39PBJrgMQKpcY3M4dvk48PJDq 
655 7 |a documentary film.  |2 aat 
655 7 |a Documentary films  |2 fast 
655 7 |a Documentary films.  |2 lcgft 
655 7 |a Documentaires.  |2 rvmgf 
700 1 |a MacDougall, David,  |e filmmaker. 
700 1 |a MacDougall, Judith,  |e filmmaker. 
758 |i has work:  |a A wife among wives (MovingImage)  |1 https://id.oclc.org/worldcat/entity/E39PCH8wpqKqT6Wm6mmf47W4FX  |4 https://id.oclc.org/worldcat/ontology/hasWork 
776 0 8 |i Original version:  |w (OCoLC)15035868 
856 4 0 |u http://proxy.library.tamu.edu/login?url=https://www.aspresolver.com/aspresolver.asp?MARC;3227761  |z Connect to this streaming video (Alexander Street Press)  |t 0 
955 |a Alexander Street Press subscription streaming video 
994 |a 92  |b TXA 
999 f f |s 96949b4a-a6bb-4200-b9a9-cfc43ea72146  |i 6490f308-5ca6-4748-a9bf-e072ac1ec8ab  |t 0 
952 f f |a Texas A&M University  |b College Station  |c Electronic Resources  |d Available Online  |t 0  |h Library of Congress classification 
998 f f |t 0  |l Available Online